000 01526nam0a22003251 4500
001 rc\3635230
005 20260407094434.0
021 _aRU
_b[74-76196]
035 _a(NLR Aleph) 007826620
090 _a7761463
_c7761463
100 _a20130115d1974 |||y0rusy50 ca
101 0 _arus
102 _aRU
105 _ay z |||||
200 1 _aМетодические рекомендации по геоботаническому и культуртехническому обследованию природных кормовых угодий
_fВсесоюз. науч.-исслед. ин-т кормов им. В.Р. Вильямса
210 _aМосква
_c[ВИК]
_d1974
215 _a160 с.
_d20
300 _aНа обороте тит. л.: подгот. д-р с.-х. наук, проф. И.А. Цаценкин, кандидаты с.-х. наук О.Н. Чижиков, А.М. Черкесов, Д.М. Тебердиев
606 _aЛуга и пастбища
_xИсследование
_2psbo
702 1 _aЧижиков
_bО.Н.
_4570
702 1 _aЧеркесов
_bА.М.
_4570
702 1 _4570
_7ca
_8rus
_aЦаценкин
_bИ. А.
_f1905-1973
_gИван Афанасьевич
_9248501
_3RU\NLR\AUTH\770248557
702 1 _aТебердиев
_bД.М.
_4570
712 0 2 _aВНИИ кормов им. В. Р. Вильямса
_3RU\NLR\AUTH\889919759
_9335756
801 0 _aRU
_bNLR
_gpsbo
801 1 _aRU
_bELAR
_2rusmarc
852 _aNLR
_j74-3/3312
942 _cBOOK
980 _aNB